<?xml version="1.0" encoding="UTF-8"?>
<record
    xmlns:xsi="http://www.w3.org/2001/XMLSchema-instance"
    xsi:schemaLocation="http://www.loc.gov/MARC21/slim http://www.loc.gov/standards/marcxml/schema/MARC21slim.xsd"
    xmlns="http://www.loc.gov/MARC21/slim">

  <leader>01040nam a22002177a 4500</leader>
  <controlfield tag="008">150626t    2002sp     | |||| 001 0 spa d</controlfield>
  <datafield tag="020" ind1=" " ind2=" ">
    <subfield code="a">978-84-205-3524-1</subfield>
  </datafield>
  <datafield tag="050" ind1=" " ind2="4">
    <subfield code="a">LB1051 M39</subfield>
  </datafield>
  <datafield tag="100" ind1="1" ind2=" ">
    <subfield code="a">MAYER, Richard E., </subfield>
    <subfield code="e">autor.</subfield>
  </datafield>
  <datafield tag="245" ind1="1" ind2="0">
    <subfield code="a">Psicolog&#xED;a de la educaci&#xF3;n</subfield>
    <subfield code="b">: el aprendizaje en las &#xE1;reas de conocimiento</subfield>
    <subfield code="c"> / Richard E. Mayer; Traducci&#xF3;n: Brenda Navarro Castellet.</subfield>
  </datafield>
  <datafield tag="260" ind1=" " ind2=" ">
    <subfield code="a">Madrid (Espa&#xF1;a)</subfield>
    <subfield code="b"> : Pearson educaci&#xF3;n</subfield>
    <subfield code="c"> , 2002.</subfield>
  </datafield>
  <datafield tag="300" ind1=" " ind2=" ">
    <subfield code="a">x, 263 p.:</subfield>
    <subfield code="c">24 cm.</subfield>
  </datafield>
  <datafield tag="500" ind1=" " ind2=" ">
    <subfield code="a">EDUCACI&#xD3;N MIXTA
LIC. MAX PSICOLOG&#xCD;A EDUCATIVA P10 (L-) / (04 005321)</subfield>
  </datafield>
  <datafield tag="500" ind1=" " ind2=" ">
    <subfield code="a">Incluye referencias (p. 231-245)
Incluye &#xED;ndice de autores (p. 249-254)
Incluye &#xED;ndice de materias (p. 254-264)</subfield>
  </datafield>
  <datafield tag="505" ind1="2" ind2=" ">
    <subfield code="a">Introducci&#xF3;n al parendizaje en las diferentes &#xE1;reas de contenido; fluidez lectora; comprensi&#xF3;n lectora; escritura; matem&#xE1;ticas; ciencias.</subfield>
  </datafield>
  <datafield tag="650" ind1="1" ind2=" ">
    <subfield code="a">PSICOPEDAGOG&#xCD;A</subfield>
  </datafield>
  <datafield tag="650" ind1="2" ind2=" ">
    <subfield code="a">PSICOLOG&#xCD;A DEL APRENDIZAJE</subfield>
  </datafield>
  <datafield tag="650" ind1="3" ind2=" ">
    <subfield code="a">EDUCACI&#xD3;N</subfield>
    <subfield code="x">PSICOLOG&#xCD;A</subfield>
  </datafield>
  <datafield tag="700" ind1="1" ind2=" ">
    <subfield code="a">NAVARRO  Castellet, Brenda, </subfield>
    <subfield code="e">traductor.</subfield>
  </datafield>
  <datafield tag="942" ind1=" " ind2=" ">
    <subfield code="c">LB</subfield>
    <subfield code="2">lcc</subfield>
  </datafield>
  <datafield tag="952" ind1=" " ind2=" ">
    <subfield code="0">0</subfield>
    <subfield code="1">0</subfield>
    <subfield code="2">lcc</subfield>
    <subfield code="4">0</subfield>
    <subfield code="7">0</subfield>
    <subfield code="a">04</subfield>
    <subfield code="b">04</subfield>
    <subfield code="d">2015-06-26</subfield>
    <subfield code="l">12</subfield>
    <subfield code="m">1</subfield>
    <subfield code="o">LB1051 M39</subfield>
    <subfield code="p">04 005322</subfield>
    <subfield code="r">2026-05-21</subfield>
    <subfield code="s">2024-07-05</subfield>
    <subfield code="t">1</subfield>
    <subfield code="w">2015-06-26</subfield>
    <subfield code="y">LB</subfield>
  </datafield>
  <datafield tag="999" ind1=" " ind2=" ">
    <subfield code="c">97083</subfield>
    <subfield code="d">97083</subfield>
  </datafield>
</record>
